| 000 | 01080cam a2200313 a 4500 | ||
|---|---|---|---|
| 001 | 16051633 | ||
| 003 | OSt | ||
| 005 | 20140310182745.0 | ||
| 008 | 100112s2010 maua b 001 0 eng | ||
| 010 | _a 2009052491 | ||
| 020 | _a9780240810201 (pbk. : alk. paper) | ||
| 020 | _a0240810201 (pbk. : alk. paper) | ||
| 035 | _a(OCoLC)ocn498365237 | ||
| 040 |
_aDLC _cDLC _dYDX _dYDXCP _dBWX _dDLC |
||
| 050 | 0 | 0 |
_aP 96.M34 _b.T212 2010 |
| 100 | 1 | _aTassel, Joan Van | |
| 245 | 1 | 0 |
_aManaging electronic media : _bmaking, marketing, and moving digital content / _cJoan Van Tassel, Lisa Poe-Howfield. |
| 260 |
_aBurlington, MA : _bFocal Press/Elsevier, _cc2010. |
||
| 300 |
_a417 p. : _bill. ; _c24 cm. |
||
| 500 | _aIncludes bibliographical references and index. | ||
| 521 | _aMA | ||
| 650 | 0 |
_aMass media _xManagement. |
|
| 700 | 1 | _aPoe-Howfield, Lisa. | |
| 906 |
_a7 _bcbc _corignew _d1 _eecip _f20 _gy-gencatlg |
||
| 942 |
_2lcc _cBK _kFOR |
||
| 999 |
_c15645 _d15645 |
||